Statistics for Most Popular Sports in the United Kingdom

Click here to take the quiz!

General Stats

  • This quiz has been taken 3,431 times
    (1,647 since last reset)
  • The average score is 7 of 10

Answer Stats

RankSport% Correct
1Football
100%
8Rugby League
93%
2Rugby Union
93%
4Cricket
87%
3Tennis
81%
10Golf
59%
5Athletics
56%
9Boxing
37%
7Motor racing
35%
6Snooker
35%

Score Distribution

Percentile by Number Answered

Percent of People with Each Score

Your Score History

You have not taken this quiz since the last reset